The Court of Appeal Civil Appllication No. 14 of 1979 Simon Baryawo Vs Attorney General of Uganda. (Record no. 3542)
[ view plain ]
| 000 -LEADER | |
|---|---|
| fixed length control field | 00594nam a22001217a 4500 |
| 008 - FIXED-LENGTH DATA ELEMENTS--GENERAL INFORMATION | |
| fixed length control field | 110622t xxu||||| |||| 00| 0 eng d |
| 010 ## - LIBRARY OF CONGRESS CONTROL NUMBER | |
| LC control number | CACAF 67 |
| 245 ## - TITLE STATEMENT | |
| Title | The Court of Appeal Civil Appllication No. 14 of 1979 Simon Baryawo Vs Attorney General of Uganda. |
| 260 ## - PUBLICATION, DISTRIBUTION, ETC. (IMPRINT) | |
| Date of publication, distribution, etc | 1979 |
| 500 ## - GENERAL NOTE | |
| General note | Coram: Wambuzi, C.J. , Musoke, P.J. & Nyamuchoncho, J.A. |
| 500 ## - GENERAL NOTE | |
| General note | Appeal from a judgment of the High Court of Uganda at Kampala (Butagira, J.) dated 24th June, 1979. In Civil Suit No. 1489 of 1976. |
| Withdrawn status | Lost status | Source of classification or shelving scheme | Damaged status | Koha normalized classification for sorting | Not for loan | Location (home branch) | Sublocation or collection (holding branch) | Shelving location | Date acquired | Koha issues (times borrowed) | Koha full call number | Piece designation (barcode) | Koha date last seen | Price effective from | Koha item type |
|---|---|---|---|---|---|---|---|---|---|---|---|---|---|---|---|
| Dewey Decimal Classification | CACAF_67 | Law Development Centre Main Library | Law Development Centre Main Library | Law Reports | 06/22/2011 | CACAF 67 | 14/1979/1 | 06/22/2011 | 06/22/2011 | Un Reported Cases |
